| 000 | 00802nam a22002417a 4500 | ||
|---|---|---|---|
| 999 |
_c20527 _d20527 |
||
| 003 | AR-CdUCM | ||
| 008 | 190531b ||||| |||| 00| 0 spa d | ||
| 040 |
_aMUNICIPALIDAD PROVINCIAL DEL CUSCO _cBIBLIOTECA MUNICIPAL DEL CUSCO |
||
| 041 | _hita | ||
| 082 |
_a828.35 / _bC81 |
||
| 100 |
_aConstantin Weyer, M. _942916 |
||
| 245 | _aShakespeare / | ||
| 260 |
_aMéxico, D. F. : _bNacional, _c1967. |
||
| 300 |
_a210 páginas _bIlustraciones, _c18 cm. |
||
| 440 |
_aLos grandes hombres _942917 |
||
| 500 | _a[libro reempastado] | ||
| 505 | _aContenido: Jhon Shakespeare -- La casa paterna -- La pastoral -- La escuela... | ||
| 650 |
_aShakespeare _911110 |
||
| 650 |
_aCavalleros de verona _942918 |
||
| 700 |
_aToledo, Miguel (traducción y notas) _942919 |
||
| 942 |
_2ddc _cLIBROS |
||
| 945 | _aAndy | ||